Normal view MARC view
  • Gao, E,

Entry Personal Name

Number of records used in: 3

001 - CONTROL NUMBER

  • control field: 14195

003 - CONTROL NUMBER IDENTIFIER

  • control field: NUST

005 - DATE AND TIME OF LATEST TRANSACTION

  • control field: 20190426161916.0

008 - FIXED-LENGTH DATA ELEMENTS

  • fixed length control field: 190426|| aca||aabn | a|a d

040 ## - CATALOGING SOURCE

  • Original cataloging agency: NUST
  • Transcribing agency: NUST

100 ## - HEADING--PERSONAL NAME

  • Personal name: Gao, E,
  • Dates associated with a name: approximately 1738-approximately 1815.

670 ## - SOURCE DATA FOUND

  • Source citation: Work cat.: (NUST)0: Cao, Xueqin, approximately 1717-1763. 14193, The story of the stone;, 1973-1986.
© 2023 Central Library, National University of Sciences and Technology. All Rights Reserved.